Analýza marketingovej komunikácie bioproduktov bakalárska práca

Salvato in:
Dettagli Bibliografici
Autore principale: Mačaj, Ondrej
Ente Autore: Podnikovohospodárska fakulta EU so sídlom v Košiciach. Katedra marketingu a obchodu
Altri autori: Bilohuščinová, Denisa
Natura: Libro
Lingua:slovacco
Pubblicazione: Košice 2011
Tags: Aggiungi Tag
Nessun Tag, puoi essere il primo ad aggiungerne!!

MARC

LEADER 00000nbm a2200000 4500
001 0139406
005 20161109111620.7
041 0 |a slo 
044 |a SK 
245 1 0 |a Analýza marketingovej komunikácie bioproduktov  |b bakalárska práca  |c Ondrej Mačaj ; školiteľ: Denisa Bilohuščinová 
264 1 |a Košice  |c 2011 
300 |a 48 s. 
100 1 |a Mačaj, Ondrej 
700 1 |a Bilohuščinová, Denisa 
710 2 |a Podnikovohospodárska fakulta EU so sídlom v Košiciach. Katedra marketingu a obchodu